Prexy's proxy, (Record no. 17583)

MARC details
000 -LEADER
fixed length control field 00569cam a22002051 4500
001 - CONTROL NUMBER
control field ca 34001680
003 - CONTROL NUMBER IDENTIFIER
control field DLC
005 - DATE AND TIME OF LATEST TRANSACTION
control field 20260227111135.0
008 - FIXED-LENGTH DATA ELEMENTS--GENERAL INFORMATION
fixed length control field 790129s1915 xx 000 0 eng
010 ## - LIBRARY OF CONGRESS CONTROL NUMBER
LC control number ca 34001680
035 ## - SYSTEM CONTROL NUMBER
System control number (OCoLC)4596934
040 ## - CATALOGING SOURCE
Original cataloging agency DLC
Transcribing agency OCl
Modifying agency DLC
042 ## - AUTHENTICATION CODE
Authentication code premarc
050 00 - LIBRARY OF CONGRESS CALL NUMBER
Classification number PS3503.O527
Item number P7 1915
082 ## - DEWEY DECIMAL CLASSIFICATION NUMBER
Classification number 812.5
100 1# - MAIN ENTRY--PERSONAL NAME
Personal name Booth, Hilliard.
245 10 - TITLE STATEMENT
Title Prexy's proxy,
Remainder of title a farce comedy in two acts,
Statement of responsibility, etc. by Hilliard Booth.
260 ## - PUBLICATION, DISTRIBUTION, ETC.
Place of publication, distribution, etc. Philadelphia,
Name of publisher, distributor, etc. The Penn publishing company,
Date of publication, distribution, etc. 1915.
300 ## - PHYSICAL DESCRIPTION
Extent 28 p.
Other physical details diagr.
Dimensions 18 cm.

No items available.

Powered by Koha